000 00338nam a2200133Ia 4500
008 240624s9999 xx 000 0 und d
041 _aeng
082 _a658.421 KAY
100 _aKAYSER OLIVIER
245 _aSCALING UP BUSINESS SOLUTIONS TO SOCIAL
260 _c2015
_aenterpreneurs
_bPalgrave
300 _a225 : p.
365 _cERU
_b31
999 _c27817
_d27817